"Todos somos iguales... pero no tan iguales" (Registro nro. 51904)
[ vista simple ]
| 000 -LÍDER | |
|---|---|
| Campo fijo de descripción fija | 01026aab a2200193 i 4500 |
| 001 - NÚMERO DE CONTROL | |
| Campo de control | 768714001 |
| 003 - IDENTIFICADOR DEL NÚMERO DE CONTROL | |
| Campo de control | CO-MdFUSB |
| 005 - FECHA Y HORA DE LA ULTIMA TRANSACCIÓN | |
| control field | 20240422115556.0 |
| 008 - ELEMENTOS DE LONGITUD FIJA -- INFORMACIÓN GENERAL | |
| Campo fijo de descripción fija -- Información general | 240405t1991 ag ||||| |||| 00| 0 spa d |
| 040 ## - FUENTE DE CATALOGACIÓN | |
| Idioma de catalogación | spa |
| Agencia que realiza la transcripción | CO-MdFUSB |
| 041 ## - CÓDIGO DE IDIOMA | |
| Código de idioma para texto/pista de sonido o título separado | spa |
| 100 1# - ASIENTO PRINCIPAL--NOMBRE PERSONAL | |
| Nombre personal | Chao Montes, J. Jorge |
| Término relacionador | autor |
| 245 ## - TÍTULO | |
| Título | "Todos somos iguales... pero no tan iguales" |
| Subtitulo | / J. Jorge Chao Montes |
| 300 ## - DESCRIPCIÓN FÍSICA | |
| Extensión | Volumen 10, número 1 (enero - marzo, 1991), páginas: 6 - 12 |
| Dimensiones | página: 6 |
| 520 ## - NOTA DE RESUMEN, ETC. | |
| Nota de sumario, etc. | Se estudia las observaciones realizadas por una secretaria sobre un seminario titulado "Todos somos iguales", el cual ella rechazó, por las afirmaciones de igualdad, debido a la realidad de la experiencia laboral. Así mismo, se analiza las discriminaciones, que son evidente en casi toda institución misionera evangélica, o de cualquier otro matiz ideológico-religioso. |
| 650 #7 - ASIENTO SECUNDARIO DE MATERIA - TERMINO TEMÁTICO | |
| Término temático o nombre geográfico como elemento de entrada | Ética cristiana |
| 9 (RLIN) | 185 |
| 773 0# - ASIENTO DE ITEM FUENTE | |
| Título | Iglesia y Misión |
| Biblionumber | 49402 |
| Itemnumber | 59664 |
| Parte(s) relacionada(s) / Volumen., número. (mes año), páginas | Volumen 10, número 1 (enero - marzo, 1991), páginas: 6 - 12 |
| Enumeración y primera página | página: 6 |
| 942 ## - TIPO DE MATERIAL (KOHA) | |
| Tipo de Item KOHA | Artículos de Revista |
No hay ítems disponibles.
